000 01995nam0a2200349 4500
001 RU\NLR\BIBL_A\022694646
005 20260313152214.0
010 _a978-5-908035-24-8
_9500
021 _aRU
_bКН-П-25-069131
_9КН-П-25-6696
035 _a(NLR Aleph) 022694646
090 _a13635550
_c13635550
100 _a20251224d2025 k y0rusy50 ca
101 0 _arus
_aeng
_deng
102 _aRU
105 _aa|||z|||100yy
181 0 _ai3
_baxxe
182 0 _an
200 1 _aЦифровая среда как инструмент модернизации и инновационного развития
_eсборник статей Международной научно-практической конференции, 27 сентября 2025 г., г. Саратов
_fМеждународный центр инновационных исследований Omega Science
203 _aТекст
_bвизуальный
_cнепосредственный
210 _aСаратов
_aУфа
_cМЦИИ Омега Сайнс
_d2025
215 _a123 с.
_cил., табл.
_d21
300 _aЧасть текста на англ. яз.
320 _aБиблиогр. в конце ст.
606 1 _aНаучные конференции
_yСаратов, город
_jСборники
_2nlr_sh2
_3RU\NLR\AUTH\6601570834
686 1 _aЯ431(2Р-4Са-2С)
711 1 2 _a"Цифровая среда как инструмент модернизации и инновационного развития", международная научно-практическая конференция
_f2025
_eСаратов
_3RU\NLR\AUTH\880637399
712 0 2 _a"Омега Сайнс", международный центр инновационных исследований
_cУфа
_3RU\NLR\AUTH\880392581
_4475
942 _cBOOK
980 _aNB